000 01090naa a22003137a 4500
001 BR6002358
003 BR-BrBNA
005 20240918172848.0
007 ta
008 230509b bl.||||| |||| 00| 0 por d
040 _aBR-BrBNA
_bpor
_cBiblioteca Nacional de Agricultura
041 _a(Pt)
072 _aE70
_b0180
_b3575
_bG514
090 _aE70 BR6002358
100 1 _aPereira, L.A.G.
111 1 _a3. Seminario Brasileiro de Sementes
_cRecife, PE (Brazil)
_d14 Sep 1970
245 1 _aProducao de sementes de trigo no Parana [variedade, comercializacao, Brasil]
260 3 _aRio de Janeiro, GB (Brasil):
_c1972.
500 _aAnais do 3. Seminario Brasileiro de Sementes Rio de Janeiro, GB (Brasil): 1972. p. 307-313 (BR6002358-AM)E70
650 _aCOMERCIALIZACAO
650 _aSEMENTE
650 _aTRIGO
650 _aABASTECIMENTO
650 _aVARIEDADE
650 _aPARANA
773 0 _tAnais do 3. Seminario Brasileiro de Sementes
_wE70 BR6002358
_gRio de Janeiro, GB (Brasil), 1972. p. 307-313
909 _a202404
_bLucia
_c55
_dLucia Elande
942 _cAM
_2AGRIS
999 _c301788
_d301788